[Event "COL Intercollegiate-ch"]
[Site "Manizales"]
[Date "2022.04.29"]
[Round "7.6"]
[White "Claro Molinares, Samuel David"]
[Black "Leon Sarria, Cristian David"]
[Result "1/2-1/2"]
[WhiteElo "1638"]
[BlackElo "1423"]
[PlyCount "89"]
[EventDate "2022.04.26"]
[EventType "swiss"]
[EventRounds "7"]
[EventCountry "COL"]
[SourceTitle "EXT 2023"]
[Source "ChessBase"]
[SourceDate "2022.10.05"]
[SourceVersion "1"]
[SourceVersionDate "2022.10.05"]
[SourceQuality "1"]

1. e4 d5 2. exd5 Qxd5 3. Nc3 Qd6 4. d4 Nf6 5. Nf3 c6 6. Ne5 Be6 7. Bf4 Qb4 8. a3 Qb6 9. Bg3 Nbd7 10. Nc4 Bxc4 11. Bxc4 e6 12. 0-0 Be7 13. Re1 0-0 14. h3 Rad8 15. Qd3 Qa5 16. b4 Qg5 17. Qf3 Qh5 18. Qe3 Nb6 19. Be2 Qg6 20. Bd3 Qh5 21. Qd2 Bd6 22. Be5 Bxe5 23. dxe5 Nfd5 24. Ne4 Qxe5 25. Ng5 Qf4 26. Bxh7+ Kh8 27. Qxf4 Nxf4 28. Be4 Nc4 29. g3 Nd5 30. Rad1 g6 31. Bxg6 fxg6 32. Nxe6 Nxa3 33. Nxd8 Rxd8 34. Re6 Nxc2 35. Rxg6 Ncxb4 36. Rd4 Rd7 37. Rh4+ Rh7 38. Rhg4 Re7 39. Rh4+ Rh7 40. Rhg4 Re7 41. Rg8+ Kh7 42. R8g5 Re1+ 43. Kh2 Re6 44. Rg7+ Kh6 45. Rxb7 1/2-1/2

[Event "COL Intercollegiate-ch"]
[Site "Manizales"]
[Date "2022.04.28"]
[Round "5.3"]
[White "Leon Sarria, Cristian David"]
[Black "Castro Castro, Joaquin"]
[Result "0-1"]
[WhiteElo "1423"]
[BlackElo "1493"]
[PlyCount "90"]
[EventDate "2022.04.26"]
[EventType "swiss"]
[EventRounds "7"]
[EventCountry "COL"]
[SourceTitle "EXT 2023"]
[Source "ChessBase"]
[SourceDate "2022.10.05"]
[SourceVersion "1"]
[SourceVersionDate "2022.10.05"]
[SourceQuality "1"]

1. Nf3 g6 2. g3 Bg7 3. c4 d6 4. d4 Bd7 5. Bg2 Qc8 6. h4 h5 7. Nc3 Nc6 8. Be3 Nh6 9. Qd2 Nf5 10. 0-0 0-0 11. Nd5 Re8 12. b4 e6 13. Nf4 Nxe3 14. fxe3 Ne7 15. Kh2 e5 16. Nh3 Nf5 17. Nhg5 f6 18. Ne4 exd4 19. Nxd4 Nh6 20. Bf3 Bf5 21. Nc3 Ng4+ 22. Bxg4 Bxg4 23. Nd5 f5 24. Nf4 Kh7 25. Rac1 Re4 26. Nh3 Bxh3 27. Kxh3 f4+ 28. Kg2 fxe3 29. Qc2 Rxd4 30. Qb3 Qe6 31. Rf3 Re8 32. Rc3 Rd2 33. Rcxe3 Rxe2+ 34. Rxe2 Qxe2+ 35. Rf2 Qe4+ 36. Kh2 Qe3 37. Qc2 Re7 38. Kg2 Bd4 39. Rf4 Qg1+ 40. Kh3 Qh1+ 41. Qh2 Qxh2+ 42. Kxh2 c5 43. Kg2 Kg7 44. Kf1 Re3 45. g4 Be5 0-1

[Event "Cali Masificacion op U2050"]
[Site "Cali"]
[Date "2021.12.27"]
[Round "3"]
[White "Estrada Velandia, Henry Andres"]
[Black "Leon Sarria, Cristian David"]
[Result "1/2-1/2"]
[WhiteElo "1953"]
[BlackElo "1262"]
[PlyCount "55"]
[EventDate "2021.12.26"]
[EventType "swiss"]
[EventRounds "7"]
[EventCountry "COL"]
[SourceTitle "CBM 205 Extra"]
[Source "ChessBase"]
[SourceDate "2022.01.31"]
[SourceVersion "1"]
[SourceVersionDate "2022.01.31"]
[SourceQuality "1"]

1. d4 d5 2. c4 e6 3. e3 Nf6 4. Nc3 c6 5. cxd5 exd5 6. Bd3 Bd6 7. Nge2 Bg4 8. f3 Bh5 9. 0-0 Qc7 10. h3 Bg6 11. e4 dxe4 12. fxe4 Be7 13. e5 Nfd7 14. Bxg6 hxg6 15. Qb3 Rf8 16. e6 fxe6 17. Qxe6 Rxf1+ 18. Kxf1 Nf8 19. Qe4 Nbd7 20. Bf4 Qa5 21. Ng3 Nf6 22. Qe2 Qb4 23. Re1 Ng8 24. Qe5 Nd7 25. Qxg7 0-0-0 26. Nce2 Rf8 27. Kg1 Qxb2 28. Qxg6 1/2-1/2

[Event "Cali Masificacion op U2050"]
[Site "Cali"]
[Date "2021.12.27"]
[Round "2"]
[White "Leon Sarria, Cristian David"]
[Black "Bravo, Juan Eduardo"]
[Result "1-0"]
[WhiteElo "1262"]
[BlackElo "1781"]
[PlyCount "49"]
[EventDate "2021.12.26"]
[EventType "swiss"]
[EventRounds "7"]
[EventCountry "COL"]
[SourceTitle "CBM 205 Extra"]
[Source "ChessBase"]
[SourceDate "2022.01.31"]
[SourceVersion "1"]
[SourceVersionDate "2022.01.31"]
[SourceQuality "1"]

1. Nf3 Nf6 2. g3 g6 3. Bg2 Bg7 4. c4 0-0 5. d4 c5 6. d5 d6 7. Nc3 Na6 8. 0-0 Nc7 9. Bf4 Rb8 10. Qc2 b5 11. b3 b4 12. Na4 Bf5 13. Qd1 Ne4 14. Rc1 Qd7 15. Nh4 Nc3 16. Nxc3 Bxc3 17. Nxf5 Qxf5 18. e4 Qd7 19. Qe2 e5 20. dxe6 Nxe6 21. Be3 Nd4 22. Qd1 Kg7 23. f4 f6 24. Qd3 Nc6 25. Bxc5 1-0